[Event "XXII. DBMM Schach"]
[Site "Dresden"]
[Date "2024.01.19"]
[Round "3.1"]
[Board "1"]
[White "Raum, Norbert"]
[Black "Zahn, Fabian"]
[Result "0-1"]
[WhiteElo "1842"]
[BlackElo "1983"]
[Annotator "br"]
[PlyCount "80"]
[GameId "489223822450"]
[EventDate "2024.01.18"]
[EventType "team-swiss"]
[EventRounds "7"]
[EventCountry "GER"]
[Tiebreak "Buchholz"]
[SourceTitle "XXII. DBMM Schach"]
[Source "FV Schach e.V."]
[SourceDate "2024.01.21"]
[SourceVersion "1"]
[SourceVersionDate "2024.01.21"]
[SourceQuality "1"]
[WhiteTeam "BA Nord/Baubehoerde Hamburg II"]
[BlackTeam "Siemens Energy Duisburg"]
[WhiteTeamCountry "GER"]
[BlackTeamCountry "GER"]

1. Nf3 d5 2. g3 Nf6 3. Bg2 c6 4. O-O g6 5. d4 Bg7 6. Nbd2 O-O 7. Ne5 Nfd7 8. Ndf3 f6 9. Ng4 Nb6 10. Nh6+ Kh8 11. c3 g5 12. Nxg5 fxg5 13. Bxg5 Qd6 14. Qd2 Rf6 15. e4 Bxh6 16. Bxf6+ Qxf6 17. Qe2 Bd7 18. Rae1 e6 19. e5 Qg7 20. f4 Na6 21. f5 Nc7 22. f6 Qf7 23. Bf3 Be8 24. h4 Nc4 25. g4 Nd2 26. Rf2 Nxf3+ 27. Qxf3 Bd7 28. g5 Rg8 29. Rg2 Bf8 30. h5 Be8 31. Kf2 Qxh5 32. Rg4 Qh2+ 33. Rg2 Qh4+ 34. Ke2 Bh5 35. f7 Bxf3+ 36. Kxf3 Qxe1 37. fxg8=Q+ Kxg8 38. g6 Qf1+ 39. Rf2 Qxf2+ 40. Kxf2 hxg6 0-1

[Event "XXII. DBMM Schach"]
[Site "Dresden"]
[Date "2024.01.19"]
[Round "3.2"]
[Board "2"]
[White "Muranyi, Erich"]
[Black "Kaliski, Achim"]
[Result "1-0"]
[WhiteElo "1986"]
[BlackElo "1950"]
[Annotator "br"]
[PlyCount "83"]
[GameId "489223822455"]
[EventDate "2024.01.18"]
[EventType "team-swiss"]
[EventRounds "7"]
[EventCountry "GER"]
[Tiebreak "Buchholz"]
[SourceTitle "XXII. DBMM Schach"]
[Source "FV Schach e.V."]
[SourceDate "2024.01.21"]
[SourceVersion "1"]
[SourceVersionDate "2024.01.21"]
[SourceQuality "1"]
[WhiteTeam "Siemens Energy Duisburg"]
[BlackTeam "BA Nord/Baubehoerde Hamburg II"]
[WhiteTeamCountry "GER"]
[BlackTeamCountry "GER"]

1. e4 e5 2. Bc4 Bc5 3. d3 d6 4. Nf3 Nf6 5. O-O O-O 6. c3 Be6 7. Nbd2 Bxc4 8. Nxc4 a6 9. Bg5 h6 10. Bh4 Nbd7 11. Re1 Qe7 12. d4 Ba7 13. dxe5 Nxe5 14. Ncxe5 dxe5 15. Bg3 Nd7 16. Qb3 Rab8 17. Rad1 c6 18. Nh4 Nc5 19. Nf5 Qf6 20. Qc4 b5 21. Qe2 Rbd8 22. Qe3 Rxd1 23. Rxd1 Ra8 24. Rd6 Ne6 25. Qd2 Rd8 26. Rxd8+ Nxd8 27. Qd7 Bb8 28. h4 h5 29. Qc8 Bd6 30. Qxa6 g6 31. Nxd6 Qxd6 32. Qc8 f6 33. f3 Kg7 34. Kh2 Ne6 35. Qb7+ Kh6 36. Qa7 Nf4 37. Bf2 Qd2 38. Qe3 Qxe3 39. Bxe3 g5 40. hxg5+ fxg5 41. Bxf4 exf4 42. b3 1-0

[Event "XXII. DBMM Schach"]
[Site "Dresden"]
[Date "2024.01.19"]
[Round "3.3"]
[Board "3"]
[White "Lindemann, Thomas"]
[Black "Bauland, Thomas"]
[Result "0-1"]
[WhiteElo "1537"]
[BlackElo "1892"]
[Annotator "br"]
[PlyCount "112"]
[GameId "489223822456"]
[EventDate "2024.01.18"]
[EventType "team-swiss"]
[EventRounds "7"]
[EventCountry "GER"]
[Tiebreak "Buchholz"]
[SourceTitle "XXII. DBMM Schach"]
[Source "FV Schach e.V."]
[SourceDate "2024.01.21"]
[SourceVersion "1"]
[SourceVersionDate "2024.01.21"]
[SourceQuality "1"]
[WhiteTeam "BA Nord/Baubehoerde Hamburg II"]
[BlackTeam "Siemens Energy Duisburg"]
[WhiteTeamCountry "GER"]
[BlackTeamCountry "GER"]

1. e4 e6 2. Nc3 d5 3. d4 a6 4. Bd3 c5 5. dxc5 Bxc5 6. exd5 exd5 7. Qe2+ Be6 8. Nf3 Ne7 9. Ng5 Qd6 10. Nxe6 Qxe6 11. O-O Qxe2 12. Nxe2 O-O 13. Re1 Nd7 14. a3 b5 15. b4 Bb6 16. Bf4 Rfd8 17. Ng3 Ng6 18. Bg5 f6 19. Bd2 Nge5 20. Bf5 g6 21. Bh3 Kg7 22. Kf1 Ra7 23. Bc3 d4 24. Bd2 f5 25. Bf4 Kf6 26. Bxe5+ Nxe5 27. f4 Nc4 28. Kf2 d3+ 29. Kf1 Ne3+ 30. Rxe3 Bxe3 31. cxd3 Rxd3 32. Ke2 Rad7 33. Nf1 Bxf4 34. g3 Bh6 35. Bg2 Rb3 36. Ra2 Rdd3 37. a4 bxa4 38. Rxa4 Ra3 39. Rxa6+ Rxa6 40. Kxd3 Ra2 41. Bc6 Rf2 42. Ne3 Bxe3 43. Kxe3 Rxh2 44. b5 Rb2 45. Kd4 Kg5 46. Kc3 Rb1 47. Kc2 Rxb5 48. Bxb5 Kg4 49. Bc4 Kxg3 50. Bg8 g5 51. Bxh7 f4 52. Kd2 g4 53. Bf5 f3 54. Ke1 Kg2 55. Be4 Kg1 56. Bd3 g3 0-1

[Event "XXII. DBMM Schach"]
[Site "Dresden"]
[Date "2024.01.19"]
[Round "3.4"]
[Board "4"]
[White "Feldhoff, Markus"]
[Black "Mahler, Sonja"]
[Result "1-0"]
[WhiteElo "1874"]
[BlackElo "1428"]
[Annotator "br"]
[PlyCount "87"]
[GameId "489223822457"]
[EventDate "2024.01.18"]
[EventType "team-swiss"]
[EventRounds "7"]
[EventCountry "GER"]
[Tiebreak "Buchholz"]
[SourceTitle "XXII. DBMM Schach"]
[Source "FV Schach e.V."]
[SourceDate "2024.01.21"]
[SourceVersion "1"]
[SourceVersionDate "2024.01.21"]
[SourceQuality "1"]
[WhiteTeam "Siemens Energy Duisburg"]
[BlackTeam "BA Nord/Baubehoerde Hamburg II"]
[WhiteTeamCountry "GER"]
[BlackTeamCountry "GER"]

1. Nf3 d5 2. d3 c6 3. c3 Bf5 4. Bg5 a5 5. a4 Qb6 6. Qc2 h6 7. Bh4 e6 8. Nbd2 Nd7 9. e3 Bd6 10. Be2 Rc8 11. O-O g5 12. Bg3 Bxg3 13. hxg3 Ngf6 14. Rfe1 Ke7 15. b4 Rcg8 16. bxa5 Qxa5 17. e4 Bh7 18. exd5 Nxd5 19. Rec1 h5 20. Qb2 Qa7 21. c4 N5f6 22. d4 h4 23. gxh4 gxh4 24. Qb4+ Ke8 25. Qd6 Rg4 26. d5 Rhg8 27. Bf1 h3 28. dxe6 fxe6 29. Qxe6+ Kd8 30. c5 Rxg2+ 31. Bxg2 Rxg2+ 32. Kh1 Ng4 33. Rf1 Qa6 34. Ne4 Qd3 35. Neg5 Bf5 36. Qe1 Qc3 37. Qxc3 Nde5 38. Qd4+ Kc7 39. Rad1 Kb8 40. Qd8+ Ka7 41. Qb6+ Kb8 42. a5 Bd3 43. Rxd3 Nxd3 44. Qd8+ 1-0

[Event "XXII. DBMM Schach"]
[Site "Dresden"]
[Date "2024.01.19"]
[Round "3.1"]
[Board "1"]
[White "Walther, Hans Wolfgang"]
[Black "Guder, Sibylle"]
[Result "1/2-1/2"]
[WhiteElo "2085"]
[BlackElo "1822"]
[Annotator "br"]
[PlyCount "87"]
[GameId "489223822458"]
[EventDate "2024.01.18"]
[EventType "team-swiss"]
[EventRounds "7"]
[EventCountry "GER"]
[Tiebreak "Buchholz"]
[SourceTitle "XXII. DBMM Schach"]
[Source "FV Schach e.V."]
[SourceDate "2024.01.21"]
[SourceVersion "1"]
[SourceVersionDate "2024.01.21"]
[SourceQuality "1"]
[WhiteTeam "Deutsche Bahn/BSW Berlin"]
[BlackTeam "BA Tempelhof Berlin III"]
[WhiteTeamCountry "GER"]
[BlackTeamCountry "GER"]

1. d4 Nf6 2. c4 g6 3. Nc3 Bg7 4. e4 d6 5. Nf3 O-O 6. Be2 e5 7. dxe5 dxe5 8. Qxd8 Rxd8 9. Nd5 Nxd5 10. cxd5 c6 11. Bc4 h6 12. Be3 cxd5 13. Bxd5 Nd7 14. Rd1 Re8 15. Nd2 Nf6 16. Bb3 b6 17. f3 Be6 18. Bxe6 Rxe6 19. Nb1 Rc6 20. Nc3 Bf8 21. O-O Kg7 22. Rd3 Bb4 23. Bd2 Bc5+ 24. Kh1 a6 25. a4 Rac8 26. Nd5 Nxd5 27. Rxd5 Bd4 28. b3 Rc2 29. Bf4 Rb2 30. Bxe5+ Bxe5 31. Rxe5 Rcc2 32. Rg1 Rxb3 33. Rd5 Ra2 34. Rd4 Rba3 35. Rb4 Rxa4 36. Rxb6 a5 37. h4 Rc4 38. Ra6 Rcc2 39. Ra7 Re2 40. Rd1 Rxg2 41. Rdd7 Rh2+ 42. Kg1 Rag2+ 43. Kf1 Rf2+ 44. Kg1 1/2-1/2

[Event "XXII. DBMM Schach"]
[Site "Dresden"]
[Date "2024.01.19"]
[Round "3.3"]
[Board "3"]
[White "Francke, Dirk"]
[Black "Glienke, Michael"]
[Result "1/2-1/2"]
[WhiteElo "2035"]
[BlackElo "1809"]
[Annotator "br"]
[PlyCount "56"]
[GameId "489223822460"]
[EventDate "2024.01.18"]
[EventType "team-swiss"]
[EventRounds "7"]
[EventCountry "GER"]
[Tiebreak "Buchholz"]
[SourceTitle "XXII. DBMM Schach"]
[Source "FV Schach e.V."]
[SourceDate "2024.01.21"]
[SourceVersion "1"]
[SourceVersionDate "2024.01.21"]
[SourceQuality "1"]
[WhiteTeam "Deutsche Bahn/BSW Berlin"]
[BlackTeam "BA Tempelhof Berlin III"]
[WhiteTeamCountry "GER"]
[BlackTeamCountry "GER"]

1. b4 Nf6 2. Bb2 d5 3. e3 Bf5 4. c4 e6 5. c5 Be7 6. Nf3 O-O 7. d4 c6 8. Bd3 Ne4 9. Qc2 Nd7 10. Ne5 Bh4 11. g3 Bg5 12. Nd2 Nxe5 13. dxe5 Nxd2 14. Bxf5 exf5 15. Qxd2 g6 16. O-O Bh6 17. Bd4 Bg7 18. Qb2 Qe7 19. a4 Rfe8 20. f4 Bf8 21. Qc3 a6 22. Rab1 Reb8 23. Rf2 Qc7 24. Rfb2 Be7 25. b5 axb5 26. axb5 cxb5 27. Rxb5 Ra4 28. Qb3 Rc4 1/2-1/2

[Event "XXII. DBMM Schach"]
[Site "Dresden"]
[Date "2024.01.19"]
[Round "3.4"]
[Board "4"]
[White "Schneider, Eckehard"]
[Black "Strauss, Peter"]
[Result "0-1"]
[WhiteElo "1797"]
[BlackElo "1849"]
[Annotator "br"]
[PlyCount "76"]
[GameId "489223822461"]
[EventDate "2024.01.18"]
[EventType "team-swiss"]
[EventRounds "7"]
[EventCountry "GER"]
[Tiebreak "Buchholz"]
[SourceTitle "XXII. DBMM Schach"]
[Source "FV Schach e.V."]
[SourceDate "2024.01.21"]
[SourceVersion "1"]
[SourceVersionDate "2024.01.21"]
[SourceQuality "1"]
[WhiteTeam "BA Tempelhof Berlin III"]
[BlackTeam "Deutsche Bahn/BSW Berlin"]
[WhiteTeamCountry "GER"]
[BlackTeamCountry "GER"]

1. d4 d5 2. Bf4 Nf6 3. Nf3 Nc6 4. e3 e6 5. Nbd2 Nh5 6. Bg3 h6 7. Ne5 Nxg3 8. Nxc6 bxc6 9. hxg3 Bd6 10. Nf3 Rb8 11. Rb1 c5 12. dxc5 Bxc5 13. Ne5 Bd7 14. Bd3 Bd6 15. Nxd7 Qxd7 16. Qg4 Be5 17. O-O O-O 18. c3 c5 19. f4 f5 20. Qd1 Bf6 21. g4 g6 22. gxf5 gxf5 23. Rf3 Rf7 24. Rh3 Rh7 25. Qc2 Kf7 26. Rf1 Rg8 27. Be2 Kf8 28. Kh1 Qe7 29. a4 Bh4 30. a5 Rhg7 31. Bf3 Rg3 32. Bxd5 Rxh3+ 33. gxh3 exd5 34. Qxf5+ Bf6 35. Qxd5 Qxe3 36. Qa8+ Kf7 37. Qxa7+ Be7 38. Qb7 Qxh3# 0-1

[Event "XXII. DBMM Schach"]
[Site "Dresden"]
[Date "2024.01.19"]
[Round "3.1"]
[Board "1"]
[White "Koscielski, Janusz"]
[Black "Belzner, Jonas"]
[Result "1-0"]
[WhiteElo "2261"]
[BlackElo "1911"]
[Annotator "br"]
[PlyCount "55"]
[GameId "489223822462"]
[EventDate "2024.01.18"]
[EventType "team-swiss"]
[EventRounds "7"]
[EventCountry "GER"]
[Tiebreak "Buchholz"]
[SourceTitle "XXII. DBMM Schach"]
[Source "FV Schach e.V."]
[SourceDate "2024.01.21"]
[SourceVersion "1"]
[SourceVersionDate "2024.01.21"]
[SourceQuality "1"]
[WhiteTeam "fachpool gGmbH Herne"]
[BlackTeam "d-fine Frankfurt II"]
[WhiteTeamCountry "GER"]
[BlackTeamCountry "GER"]

1. e4 c6 2. d4 d5 3. Nc3 dxe4 4. Nxe4 Bf5 5. Ng3 Bg6 6. c3 e6 7. Nh3 Bd6 8. Nf4 Ne7 9. h4 h6 10. Nxg6 Nxg6 11. Bd3 Nf4 12. Bxf4 Bxf4 13. Qg4 Bxg3 14. Qxg3 O-O 15. O-O-O Nd7 16. Bc2 Re8 17. Rhe1 Qa5 18. Kb1 e5 19. Qd3 Nf8 20. Qf5 Rad8 21. Rxe5 Rxe5 22. dxe5 Rxd1+ 23. Bxd1 Qd5 24. Bb3 Qxg2 25. Qxf7+ Kh7 26. Qxf8 Qf1+ 27. Kc2 Qe2+ 28. Kc1 1-0

[Event "XXII. DBMM Schach"]
[Site "Dresden"]
[Date "2024.01.19"]
[Round "3.2"]
[Board "2"]
[White "Goeppl, Florian"]
[Black "Hortolani, Sven Holger"]
[Result "1-0"]
[WhiteElo "2022"]
[BlackElo "2135"]
[Annotator "br"]
[PlyCount "59"]
[GameId "489223822463"]
[EventDate "2024.01.18"]
[EventType "team-swiss"]
[EventRounds "7"]
[EventCountry "GER"]
[Tiebreak "Buchholz"]
[SourceTitle "XXII. DBMM Schach"]
[Source "FV Schach e.V."]
[SourceDate "2024.01.21"]
[SourceVersion "1"]
[SourceVersionDate "2024.01.21"]
[SourceQuality "1"]
[WhiteTeam "d-fine Frankfurt II"]
[BlackTeam "fachpool gGmbH Herne"]
[WhiteTeamCountry "GER"]
[BlackTeamCountry "GER"]

1. e4 g6 2. d4 Bg7 3. Nc3 d6 4. Be2 c6 5. h4 h5 6. Be3 Nf6 7. Qd2 Ng4 8. Bxg4 hxg4 9. Nge2 Nd7 10. Ng3 Qa5 11. a3 Nf6 12. O-O-O Be6 13. Nce2 Qxd2+ 14. Rxd2 Bc4 15. Nf4 O-O-O 16. b3 Ba6 17. e5 Nd5 18. Nxd5 cxd5 19. exd6 Rxd6 20. h5 gxh5 21. Nf5 Bf6 22. Nxd6+ exd6 23. f3 g3 24. Bf4 h4 25. Bxd6 Kd7 26. Be5 Bxe5 27. dxe5 Ke6 28. Rd4 h3 29. Rxh3 Rxh3 30. gxh3 1-0

[Event "XXII. DBMM Schach"]
[Site "Dresden"]
[Date "2024.01.19"]
[Round "3.3"]
[Board "3"]
[White "Leveikina, Jevgenija"]
[Black "Broeker, Yannic"]
[Result "1/2-1/2"]
[WhiteElo "2064"]
[BlackElo "1829"]
[Annotator "br"]
[PlyCount "57"]
[GameId "489223822464"]
[EventDate "2024.01.18"]
[EventType "team-swiss"]
[EventRounds "7"]
[EventCountry "GER"]
[Tiebreak "Buchholz"]
[SourceTitle "XXII. DBMM Schach"]
[Source "FV Schach e.V."]
[SourceDate "2024.01.21"]
[SourceVersion "1"]
[SourceVersionDate "2024.01.21"]
[SourceQuality "1"]
[WhiteTeam "fachpool gGmbH Herne"]
[BlackTeam "d-fine Frankfurt II"]
[WhiteTeamCountry "GER"]
[BlackTeamCountry "GER"]

1. d4 d5 2. Nf3 Nf6 3. Bf4 e6 4. e3 Bd6 5. Bg3 O-O 6. Bd3 b6 7. c3 Ba6 8. Bxa6 Nxa6 9. Qd3 Nb8 10. Nbd2 c5 11. Ne5 Qc7 12. O-O Nfd7 13. Nef3 Nc6 14. e4 Bxg3 15. hxg3 dxe4 16. Nxe4 Rfd8 17. Rac1 Ne7 18. Nfg5 Nf8 19. Qe2 Neg6 20. dxc5 bxc5 21. b4 h6 22. Nf3 c4 23. Rfd1 Nd7 24. Rc2 Nb6 25. Nc5 Rxd1+ 26. Qxd1 Rd8 27. Rd2 Rd5 28. a4 Ne7 29. a5 1/2-1/2

[Event "XXII. DBMM Schach"]
[Site "Dresden"]
[Date "2024.01.19"]
[Round "3.4"]
[Board "4"]
[White "Sterin, Andrei"]
[Black "Selmanaj, Agim"]
[Result "0-1"]
[WhiteElo "1400"]
[BlackElo "1643"]
[Annotator "br"]
[PlyCount "60"]
[GameId "489223822465"]
[EventDate "2024.01.18"]
[EventType "team-swiss"]
[EventRounds "7"]
[EventCountry "GER"]
[Tiebreak "Buchholz"]
[SourceTitle "XXII. DBMM Schach"]
[Source "FV Schach e.V."]
[SourceDate "2024.01.21"]
[SourceVersion "1"]
[SourceVersionDate "2024.01.21"]
[SourceQuality "1"]
[WhiteTeam "d-fine Frankfurt II"]
[BlackTeam "fachpool gGmbH Herne"]
[WhiteTeamCountry "GER"]
[BlackTeamCountry "GER"]

1. e4 g6 2. d4 Bg7 3. Nf3 d6 4. c4 h6 5. Nc3 Nc6 6. Be2 a6 7. O-O e5 8. d5 Nce7 9. Be3 b6 10. b4 f5 11. c5 f4 12. Bd2 Bg4 13. cxb6 cxb6 14. Rc1 Nf6 15. Na4 Nxe4 16. Qc2 Nxd2 17. Qxd2 O-O 18. Rc2 b5 19. Nc3 Rc8 20. Rfc1 Bf5 21. Bd3 Rxc3 22. Bxf5 Rxc2 23. Be6+ Kh7 24. Qxc2 Nf5 25. Qc8 Qf6 26. Qxa6 e4 27. Ne1 Qb2 28. Rc8 e3 29. fxe3 Qe2 30. Nc2 fxe3 0-1

[Event "XXII. DBMM Schach"]
[Site "Dresden"]
[Date "2024.01.19"]
[Round "3.1"]
[Board "1"]
[White "Fromme, Thorben"]
[Black "Hund, Sarah"]
[Result "0-1"]
[WhiteElo "1700"]
[BlackElo "2015"]
[Annotator "br"]
[PlyCount "74"]
[GameId "489223822466"]
[EventDate "2024.01.18"]
[EventType "team-swiss"]
[EventRounds "7"]
[EventCountry "GER"]
[Tiebreak "Buchholz"]
[SourceTitle "XXII. DBMM Schach"]
[Source "FV Schach e.V."]
[SourceDate "2024.01.21"]
[SourceVersion "1"]
[SourceVersionDate "2024.01.21"]
[SourceQuality "1"]
[WhiteTeam "DZ Bank Frankfurt II"]
[BlackTeam "SV Sparkassenversicherung Suttgart"]
[WhiteTeamCountry "GER"]
[BlackTeamCountry "GER"]

1. e4 c5 2. Nf3 e6 3. d4 cxd4 4. Nxd4 Nc6 5. Be3 Qc7 6. Bd3 Nf6 7. h3 a6 8. O-O b5 9. a3 Bb7 10. Re1 Ne5 11. Nc3 Nc4 12. Bxc4 bxc4 13. f3 Bc5 14. Qd2 O-O 15. Nde2 Be7 16. b4 a5 17. Nb5 Qb8 18. Nbd4 d5 19. exd5 Nxd5 20. c3 Rd8 21. Bf2 Bf6 22. Qc1 e5 23. Nf5 axb4 24. axb4 Rxa1 25. Qxa1 e4 26. fxe4 Nxb4 27. Rb1 Bxe4 28. Nfd4 Bxb1 29. Qxb1 Nd3 30. Qc2 Qa8 31. Bg3 h5 32. Nf3 Re8 33. Ned4 Qe4 34. Qd2 Qe3+ 35. Qxe3 Rxe3 36. Nf5 Re2 37. Nd6 Nb2 0-1

[Event "XXII. DBMM Schach"]
[Site "Dresden"]
[Date "2024.01.19"]
[Round "3.2"]
[Board "2"]
[White "Schimmele, Alexander"]
[Black "Rasskazov, Oleg"]
[Result "1-0"]
[WhiteElo "1969"]
[BlackElo "1200"]
[Annotator "br"]
[PlyCount "65"]
[GameId "489223822467"]
[EventDate "2024.01.18"]
[EventType "team-swiss"]
[EventRounds "7"]
[EventCountry "GER"]
[Tiebreak "Buchholz"]
[SourceTitle "XXII. DBMM Schach"]
[Source "FV Schach e.V."]
[SourceDate "2024.01.21"]
[SourceVersion "1"]
[SourceVersionDate "2024.01.21"]
[SourceQuality "1"]
[WhiteTeam "SV Sparkassenversicherung Suttgart"]
[BlackTeam "DZ Bank Frankfurt II"]
[WhiteTeamCountry "GER"]
[BlackTeamCountry "GER"]

1. e4 c5 2. Nf3 Nc6 3. d4 e6 4. c4 Nf6 5. d5 exd5 6. exd5 Qe7+ 7. Be2 Ne5 8. O-O d6 9. Nc3 Bd7 10. Re1 O-O-O 11. a3 Re8 12. Bd2 Qd8 13. b4 h6 14. Qb3 Qb6 15. Reb1 Bf5 16. Rb2 Nd3 17. Bxd3 Bxd3 18. Na4 Qc7 19. Qxd3 Ne4 20. Nc3 f5 21. Re1 Qe7 22. bxc5 g5 23. cxd6 Qxd6 24. Nxe4 fxe4 25. Rxe4 Bg7 26. Rb1 Ref8 27. Bb4 Qg6 28. Bxf8 Rxf8 29. d6 Rd8 30. Qd5 Rxd6 31. Qxb7+ Kd8 32. Qb8+ Kd7 33. Rb7+ 1-0

[Event "XXII. DBMM Schach"]
[Site "Dresden"]
[Date "2024.01.19"]
[Round "3.3"]
[Board "3"]
[White "Elpelt, Silvia"]
[Black "Kecker, Christopher"]
[Result "0-1"]
[WhiteElo "1483"]
[BlackElo "1564"]
[Annotator "br"]
[PlyCount "100"]
[GameId "489223822470"]
[EventDate "2024.01.18"]
[EventType "team-swiss"]
[EventRounds "7"]
[EventCountry "GER"]
[Tiebreak "Buchholz"]
[SourceTitle "XXII. DBMM Schach"]
[Source "FV Schach e.V."]
[SourceDate "2024.01.21"]
[SourceVersion "1"]
[SourceVersionDate "2024.01.21"]
[SourceQuality "1"]
[WhiteTeam "DZ Bank Frankfurt II"]
[BlackTeam "SV Sparkassenversicherung Suttgart"]
[WhiteTeamCountry "GER"]
[BlackTeamCountry "GER"]

1. e4 c6 2. d4 d5 3. exd5 cxd5 4. c3 Bf5 5. Bd3 Bxd3 6. Qxd3 Nc6 7. Nf3 e6 8. Bf4 Bd6 9. Bxd6 Qxd6 10. Nbd2 Nf6 11. O-O O-O 12. Rfe1 Rac8 13. Rac1 a6 14. h3 h6 15. a3 Na5 16. Ne5 Nd7 17. Nxd7 Qxd7 18. b4 Nc4 19. Nxc4 Rxc4 20. Re2 Qa4 21. Ra2 Rfc8 22. Kh2 Qb3 23. Rac2 Qxa3 24. Qd2 Qa4 25. Ra2 Qc6 26. Rac2 Qc7+ 27. g3 b5 28. Kg2 a5 29. bxa5 Qxa5 30. Ra2 Qc7 31. Rb1 Rxc3 32. Rxb5 Qc4 33. Rab2 Rd3 34. Qb4 Rxd4 35. Rb8 Qxb4 36. Rxc8+ Kh7 37. Rxb4 Rxb4 38. Rc7 Kg6 39. h4 Kf6 40. Kf3 g5 41. hxg5+ hxg5 42. g4 Rf4+ 43. Kg3 Ke5 44. Rd7 Ke4 45. Rd8 Rf3+ 46. Kg2 Kf4 47. Rg8 Kxg4 48. Rxg5+ Kxg5 49. Kxf3 e5 50. Ke3 f5 0-1

[Event "XXII. DBMM Schach"]
[Site "Dresden"]
[Date "2024.01.19"]
[Round "3.4"]
[Board "4"]
[White "Zeger, Detlef"]
[Black "Ockert, Ralph"]
[Result "0-1"]
[WhiteElo "1200"]
[BlackElo "1200"]
[Annotator "br"]
[PlyCount "56"]
[GameId "489223822471"]
[EventDate "2024.01.18"]
[EventType "team-swiss"]
[EventRounds "7"]
[EventCountry "GER"]
[Tiebreak "Buchholz"]
[SourceTitle "XXII. DBMM Schach"]
[Source "FV Schach e.V."]
[SourceDate "2024.01.21"]
[SourceVersion "1"]
[SourceVersionDate "2024.01.21"]
[SourceQuality "1"]
[WhiteTeam "SV Sparkassenversicherung Suttgart"]
[BlackTeam "DZ Bank Frankfurt II"]
[WhiteTeamCountry "GER"]
[BlackTeamCountry "GER"]

1. d4 d5 2. e3 Nf6 3. Nc3 e6 4. Nf3 Be7 5. Bb5+ c6 6. Ba4 O-O 7. O-O b5 8. Bb3 Ba6 9. a4 bxa4 10. Re1 axb3 11. cxb3 Bb7 12. b4 Bxb4 13. Bd2 Nbd7 14. Qb3 Bxc3 15. Bxc3 Qb6 16. Qxb6 axb6 17. Rxa8 Rxa8 18. b4 Ne4 19. Ba1 Ra2 20. Rf1 Ba6 21. Rc1 Bc4 22. Nh4 Nxf2 23. g3 Ng4 24. Ng2 Ndf6 25. h3 Nf2 26. h4 N6e4 27. Kh2 Ng4+ 28. Kh3 Nef2# 0-1

[Event "XXII. DBMM Schach"]
[Site "Dresden"]
[Date "2024.01.19"]
[Round "3.1"]
[Board "1"]
[White "Hartig, Frank"]
[Black "Spory, Rayk"]
[Result "0-1"]
[WhiteElo "2080"]
[BlackElo "1722"]
[Annotator "br"]
[PlyCount "60"]
[GameId "489223822472"]
[EventDate "2024.01.18"]
[EventType "team-swiss"]
[EventRounds "7"]
[EventCountry "GER"]
[Tiebreak "Buchholz"]
[SourceTitle "XXII. DBMM Schach"]
[Source "FV Schach e.V."]
[SourceDate "2024.01.21"]
[SourceVersion "1"]
[SourceVersionDate "2024.01.21"]
[SourceQuality "1"]
[WhiteTeam "EFS Filtertechnik Erkrath"]
[BlackTeam "Berliner Volksbank"]
[WhiteTeamCountry "GER"]
[BlackTeamCountry "GER"]

1. e4 e5 2. d4 exd4 3. Qxd4 Nc6 4. Qe3 g6 5. Nc3 Bg7 6. Bd2 Nf6 7. O-O-O O-O 8. Bc4 Re8 9. f3 Na5 10. Be2 d5 11. Qf2 d4 12. Nb5 c5 13. Bf4 a6 14. Nc7 Be6 15. Nxa8 Qxa8 16. b3 Qd8 17. Nh3 Qb6 18. Ng5 Qb4 19. Nxe6 Qa3+ 20. Kb1 Rxe6 21. Bc1 Qb4 22. Qe1 Qb6 23. Bd2 Nc6 24. Bc4 Re8 25. Qe2 Qd8 26. Bd3 b5 27. c4 b4 28. f4 Nxe4 29. Bxe4 d3 30. Qxd3 Qf6 0-1

[Event "XXII. DBMM Schach"]
[Site "Dresden"]
[Date "2024.01.19"]
[Round "3.2"]
[Board "2"]
[White "Boettger, Bernd"]
[Black "Hammes, Frank"]
[Result "1/2-1/2"]
[WhiteElo "1583"]
[BlackElo "2120"]
[Annotator "br"]
[PlyCount "34"]
[GameId "489223822473"]
[EventDate "2024.01.18"]
[EventType "team-swiss"]
[EventRounds "7"]
[EventCountry "GER"]
[Tiebreak "Buchholz"]
[SourceTitle "XXII. DBMM Schach"]
[Source "FV Schach e.V."]
[SourceDate "2024.01.21"]
[SourceVersion "1"]
[SourceVersionDate "2024.01.21"]
[SourceQuality "1"]
[WhiteTeam "Berliner Volksbank"]
[BlackTeam "EFS Filtertechnik Erkrath"]
[WhiteTeamCountry "GER"]
[BlackTeamCountry "GER"]

1. d4 Nf6 2. f3 d5 3. e4 dxe4 4. Nc3 e3 5. Bxe3 c6 6. Bd3 Nbd7 7. Nge2 e5 8. O-O exd4 9. Bxd4 Bc5 10. Bxc5 Nxc5 11. Bc4 Qxd1 12. Raxd1 Be6 13. Bxe6 Nxe6 14. Rfe1 O-O 15. Nd4 Nxd4 16. Rxd4 Rad8 17. Red1 Rxd4 1/2-1/2

[Event "XXII. DBMM Schach"]
[Site "Dresden"]
[Date "2024.01.19"]
[Round "3.3"]
[Board "3"]
[White "De Leroy, Babs"]
[Black "Von Schoening, Ulrich"]
[Result "1-0"]
[WhiteElo "1722"]
[BlackElo "1550"]
[Annotator "br"]
[PlyCount "97"]
[GameId "489223822474"]
[EventDate "2024.01.18"]
[EventType "team-swiss"]
[EventRounds "7"]
[EventCountry "GER"]
[Tiebreak "Buchholz"]
[SourceTitle "XXII. DBMM Schach"]
[Source "FV Schach e.V."]
[SourceDate "2024.01.21"]
[SourceVersion "1"]
[SourceVersionDate "2024.01.21"]
[SourceQuality "1"]
[WhiteTeam "EFS Filtertechnik Erkrath"]
[BlackTeam "Berliner Volksbank"]
[WhiteTeamCountry "GER"]
[BlackTeamCountry "GER"]

1. d4 d5 2. c4 e6 3. Nf3 c6 4. Qc2 Nd7 5. g3 Rb8 6. Bf4 Ra8 7. Bg2 Ngf6 8. O-O Nh5 9. Bg5 Be7 10. Bxe7 Qxe7 11. Nbd2 O-O 12. e4 dxe4 13. Nxe4 f5 14. Nc3 g6 15. Rfe1 Ng7 16. Rad1 Rf6 17. Re2 b6 18. Ne5 Bb7 19. Bxc6 Bxc6 20. Nxc6 Qf8 21. Ne5 Nxe5 22. dxe5 Rf7 23. Red2 f4 24. Ne4 fxg3 25. fxg3 Nh5 26. Ng5 Qc5+ 27. Kg2 Rf5 28. Rd8+ Rf8 29. Rxa8 Rxa8 30. Qe4 Re8 31. Qb7 Qe7 32. Qxe7 Rxe7 33. Rd6 Ng7 34. Rd8+ Ne8 35. Kf3 h6 36. Ne4 Kf7 37. Nd6+ Nxd6 38. exd6 Rb7 39. Ke4 b5 40. c5 a5 41. Ke5 b4 42. Rh8 Kg7 43. Re8 b3 44. a3 Rb5 45. Re7+ Kf8 46. Kd4 a4 47. Rxe6 Kf7 48. Re7+ Kf8 49. Ra7 1-0